Tiềm năng và thực trạng khai thác dầu khí tại thềm lục địa phía Nam, Việt Nam Tiểu luận tốt nghiệp chuyên ngành Sư phạm Địa lý

में बचाया:
ग्रंथसूची विवरण
मुख्य लेखक: Lê, Chí Tâm
अन्य लेखक: Phùng, Thái Dương (Hướng dẫn)
स्वरूप: सामग्री का झोला पुस्तक
भाषा:Vietnamese
प्रकाशित: Đồng Tháp Đại học Đồng Tháp 2019
विषय:
टैग : टैग जोड़ें
कोई टैग नहीं, इस रिकॉर्ड को टैग करने वाले पहले व्यक्ति बनें!
Thư viện lưu trữ: Trung tâm Học liệu Lê Vũ Hùng, Trường Đại học Đồng Tháp
LEADER 01162npm a22002658a 4500
001 00044392
008 190708s2019####-vm#################vie|d
005 20200804160849.0
041 0 # |a vie 
082 1 4 |a 665.5  |b T304N 
100 0 # |a Lê, Chí Tâm 
245 0 0 |a Tiềm năng và thực trạng khai thác dầu khí tại thềm lục địa phía Nam, Việt Nam  |b Tiểu luận tốt nghiệp chuyên ngành Sư phạm Địa lý  |c Lê Chí Tâm; Phùng Thái Dương (hướng dẫn) 
260 # # |a Đồng Tháp  |b Đại học Đồng Tháp  |c 2019 
300 # # |a 23 tr.  |b hình ảnh  |c 29 cm. 
500 # # |a ĐTTS ghi: Trường Đại học Đồng Tháp. Khoa Sư phạm Sử - Địa và GDCT. Bộ môn Địa lý 
653 # # |a Dầu khí 
653 # # |a Việt Nam 
653 # # |a Tiểu luận tốt nghiệp 
653 # # |a Thềm lục địa 
653 # # |a Tiềm năng 
700 0 # |a Phùng, Thái Dương  |e Hướng dẫn 
852 # # |j TL.0000025 
910 0 # |d 8/7/2019 
980 # # |a Trung tâm Học liệu Lê Vũ Hùng, Trường Đại học Đồng Tháp